'L' Books by Cover Quiz Stats

 Plays Quiz Updated Jun 19, 2015

Also try: 'A' Books by Cover
Challenge
Share
Tweet
Score 0/15 Timer 05:00
9 Plays Today
Book % Correct
Les Misérables
94.1%
Life of Pi
88.1%
Lord of the Flies
87.5%
Little Women
87%
The Lorax
84.3%
Lolita
75.7%
The Last of the Mohicans
72.4%
The Little Prince
68.8%
Book % Correct
Lady Chatterley's Lover
47.4%
The Lovely Bones
47%
Love in the Time of Cholera
43.9%
Labyrinth
38.4%
The Lost Symbol
35.7%
Like Water for Chocolate
22.5%
Light in August
16.8%

You're not logged in!

Compare scores with friends on all Sporcle quizzes.
Join for Free
OR
Log In

You Might Also Like...

Show Comments

Extras

Top Quizzes Today


Score Distribution

Your Account Isn't Verified!

In order to create a playlist on Sporcle, you need to verify the email address you used during registration. Go to your Sporcle Settings to finish the process.

Report this User

Report this user for behavior that violates our Community Guidelines.

Details: